<?xml version="1.0" encoding="UTF-8"?>
<collection xmlns="http://www.loc.gov/MARC21/slim">
 <record>
  <leader>00546pamaa2200169   4500</leader>
  <controlfield tag="001">0000017626</controlfield>
  <controlfield tag="005">20060613090000.0</controlfield>
  <datafield tag="020" ind1="0" ind2="0">
   <subfield code="a">0314012168 </subfield>
  </datafield>
  <datafield tag="082" ind1=" " ind2=" ">
   <subfield code="a">658.4012 HOF 1993</subfield>
  </datafield>
  <datafield tag="090" ind1="0" ind2="0">
   <subfield code="a">HD30.28 </subfield>
   <subfield code="b">HOF 1993</subfield>
  </datafield>
  <datafield tag="100" ind1="1" ind2="0">
   <subfield code="a">HOFFMAN </subfield>
  </datafield>
  <datafield tag="245" ind1="1" ind2="4">
   <subfield code="a">The strategic management casebook and skill builder  </subfield>
   <subfield code="c">Alan N. Hoffman and Hugh M. O'Neill.</subfield>
  </datafield>
  <datafield tag="260" ind1="0" ind2="0">
   <subfield code="a">Minneapolis/St. Paul: </subfield>
   <subfield code="b">West Pub., </subfield>
   <subfield code="c">1993.</subfield>
  </datafield>
  <datafield tag="300" ind1=" " ind2=" ">
   <subfield code="a">ix, 764p.: </subfield>
   <subfield code="b">26cm.</subfield>
  </datafield>
  <datafield tag="650" ind1="0" ind2="0">
   <subfield code="a">Corporate strategy -- </subfield>
   <subfield code="x">Case studies </subfield>
  </datafield>
  <datafield tag="650" ind1="0" ind2="0">
   <subfield code="a">Strategic planning -- </subfield>
   <subfield code="x">Case studies </subfield>
  </datafield>
  <datafield tag="700" ind1="1" ind2="1">
   <subfield code="a">O'Neill, </subfield>
   <subfield code="h">Hugh M. </subfield>
  </datafield>
 </record>
</collection>
